UBT Library

INTRODUCTORY LECTURES ON PSYCHO-ANALYSIS (Record no. 59578)

000 -LEADER
fixed length control field 00334nam a22001457a 4500
008 - FIXED-LENGTH DATA ELEMENTS--GENERAL INFORMATION
fixed length control field 230418b ||||| |||| 00| 0 eng d
020 ## - INTERNATIONAL STANDARD BOOK NUMBER
International Standard Book Number 9780871401182
041 ## - LANGUAGE CODE
Language code of text/sound track or separate title eng
080 ## - UNIVERSAL DECIMAL CLASSIFICATION NUMBER
Universal Decimal Classification number 101
082 ## - DEWEY DECIMAL CLASSIFICATION NUMBER
Classification number 101FRE
100 ## - Rafti
Rafti 44
101 ## - Shkurtesa
Shkurtesa FILOZO
245 ## - TITLE STATEMENT
Title INTRODUCTORY LECTURES ON PSYCHO-ANALYSIS
Statement of responsibility, etc FREUD .S
942 ## - ADDED ENTRY ELEMENTS (KOHA)
Source of classification or shelving scheme
Item type Books
Holdings
Withdrawn status Lost status Source of classification or shelving scheme Damaged status Not for loan Collection code Permanent location Current location Date acquired Total Checkouts Full call number Barcode Date last seen Price effective from Koha item type
          Koleksioni i përgjithshem UBT - Lipjan UBT - Lipjan 04/18/2023   101FRE 002-80006058 04/18/2023 04/18/2023 Books
          Koleksioni i përgjithshem UBT - Lipjan UBT - Lipjan 05/16/2023   101FRE 002-800080216 05/16/2023 05/16/2023 Books
          Koleksioni i përgjithshem UBT - Lipjan UBT - Lipjan 05/16/2023   101FRE 002-800080217 05/16/2023 05/16/2023 Books
            UBT - Prishtine UBT - Prishtine 04/18/2023   101FRE 002-80006059 04/18/2023 04/18/2023 Books
UBT Library © 2015-2024. All rights reserved University Education for Business and Technology